| 000 | 00817cab a22001935a 4500 | ||
|---|---|---|---|
| 001 | L150048 | ||
| 008 | 100526e20100522xxk 000 0 eng d | ||
| 035 | _a(Sirsi) u150048 | ||
| 041 | 0 | _aeng | |
| 100 | 1 | _aElghamry, Nadia | |
| 245 | 0 | 0 | _aFocus North and West Yorkshire |
| 260 | _c2010 | ||
| 490 |
_aEstates Gazette _v(1022) 22 May 2010, 107-123(15) |
||
| 520 | _aZone A Leeds retail and office markets affected by availability rather than due to demand. Profiles new property companies based in Leeds area. Plans for redevelopment of the former Terry's chocolate site in York. Reviews office and industrial take up, supply, rents, and prime yields in Bradford, York and Leeds. | ||
| 590 | _aKA | ||
| 651 | 4 |
_aYorkshire _y1888- |
|
| 690 | _aPROPERTY-COMMERCIAL PROPERTY-COMMERCIAL PROPERTY MARKET | ||
| 942 | _n0 | ||
| 999 |
_c82369 _d82369 |
||